Carregant...
SRI CHITRA Birthday souvenir. SMV school. 1 Sahityadeepika, 2 chitradarsam, 3 Swadesabhimani, 4Travancore times : His gracious Highness.The Maharajah's thirtieth birthday souvenir /
| Idioma: | Undetermined |
|---|---|
| Publicat: |
1940.
|
| Matèries: |
| LEADER | 00579nam a2200145Ia 4500 | ||
|---|---|---|---|
| 001 | 5747 | ||
| 008 | 170722s9999 xx 000 0 und d | ||
| 245 | |a SRI CHITRA Birthday souvenir. SMV school. 1 Sahityadeepika, 2 chitradarsam, 3 Swadesabhimani, 4Travancore times : |b His gracious Highness.The Maharajah's thirtieth birthday souvenir / | ||
| 260 | |c 1940. | ||
| 653 | |a Indiana | ||
| 653 | |a Kerala | ||
| 653 | |a Travancore | ||
| 942 | |c GEN | ||
| 999 | |c 97520 |d 97520 | ||
| 952 | |0 0 |1 0 |4 0 |6 Z_2121_000000000000000_H02KR |7 0 |9 136585 |a LIB |b LIB |d 2013-03-25 |o z2121 H02(KR) |p 181078 |r 2017-08-12 |w 2017-08-12 |y GEN | ||